000 00480nam a2200193Ia 4500
005 20240823040937.0
008 240823s9999||||xx |||||||||||||| ||und||
020 _a81-219-3927-5
041 _aENGLISH
082 _A004.165 Q2
100 _aAbhilash V. Pandiankal
245 2 _aA key to program micro controller system
250 _a1st
260 _c2012
_bS Chand & Co
500 _aYES
650 _amicro controller
_bInstrumentation
942 _cBK
999 _c204316
_d204316